Normal view
MARC view
Entry Personal Name
001 - CONTROL NUMBER
- control field: 9443
003 - CONTROL NUMBER IDENTIFIER
- control field: OSt
005 - DATE AND TIME OF LATEST TRANSACTION
- control field: 20160616175015.0
008 - FIXED-LENGTH DATA ELEMENTS
- fixed length control field: 160616|| aca||aabn | a|a d
040 ## - CATALOGING SOURCE
- Original cataloging agency: OSt
- Transcribing agency: OSt
100 ## - HEADING--PERSONAL NAME
- Personal name: Houghton, Andrew R.; Gray, David
670 ## - SOURCE DATA FOUND
- Source citation: Work cat.: (OSt): Houghton, Andrew R.; Gray, David , Making Sense of the ECG: cases for self-assessment
